LEADER 01975nam 2200397 450 001 996255347903316 005 20221202142536.0 035 $a(CKB)3810000000156469 035 $a(NjHacI)993810000000156469 035 $a(EXLCZ)993810000000156469 100 $a20221202d2012 uy 0 101 0 $ager 135 $aur||||||||||| 181 $ctxt$2rdacontent 182 $cc$2rdamedia 183 $acr$2rdacarrier 200 00$aGeschichte der Altertumswissenschaften $eBiographisches Lexikon /$fPeter Kuhlmann, Helmuth Schneider (Hrsg.) 210 1$aStuttgart :$cJ.B. Metzler,$d[2012] 210 4$dİ2012 215 $a1 online resource (lxii, 1357 pages) 225 1 $aDer Neue Pauly Supplemente I ;$vBand 6 300 $aIncludes index. 330 $aDie Geschichte der Altertumswissenschaften in 750 Gelehrtenviten seit dem 14. Jahrhundert. Sie haben unsere Kenntnis der Antike entscheidend gepra?gt: Gelehrte aus Philologie, Archa?ologie und Alter Geschichte, Vertreter der Epigraphik, Numismatik, Papyrologie, A?gyptologie und Altorientalistik, Philosophen, Ethnologen, Sozialwissenschaftler, Kunsthistoriker, Sammler und Schriftsteller. Neben der Biographie, dem Werdegang und den Werken der einzelnen Wissenschaftler werden auch die sozialen, politischen und kulturellen Kontexte beleuchtet. Die Darstellungen der Lebensla?ufe konzentrieren sich auf die Leistungen fu?r das antike Fach und bu?ndeln das aktuelle Forschungswissen - ein fundiertes Kompendium der Wissenschaftsgeschichte der Antike. 410 0$aNeue Pauly.$pSupplemente ;$vBand 6. 517 $aNeue Pauly Supplemente I Online - Band 6 606 $aArchaeologists$vBiography 615 0$aArchaeologists 676 $a930.10922 702 $aKuhlmann$b Peter 702 $aSchneider$b Helmuth 801 0$bNjHacI 801 1$bNjHacl 906 $aBOOK 912 $a996255347903316 996 $aGeschichte der Altertumswissenschaften$92993904 997 $aUNISA LEADER 02213nam 2200601Ia 450 001 9910961367103321 005 20200520144314.0 010 $a9781907973338 010 $a1907973338 035 $a(CKB)2550000000106385 035 $a(EBL)931389 035 $a(OCoLC)794664620 035 $a(SSID)ssj0000685944 035 $a(PQKBManifestationID)11405414 035 $a(PQKBTitleCode)TC0000685944 035 $a(PQKBWorkID)10731954 035 $a(PQKB)11456105 035 $a(MiAaPQ)EBC3038317 035 $a(Au-PeEL)EBL3038317 035 $a(CaPaEBR)ebr10568185 035 $a(Perlego)2799330 035 $a(EXLCZ)992550000000106385 100 $a20070430d2012 uy 0 101 0 $aeng 135 $aur|n|---||||| 181 $ctxt 182 $cc 183 $acr 200 14$aThe golden step $ea walk through the heart of Crete /$fby Christopher Somerville 205 $a1st ed. 210 $aLondon $cArmchair Traveller at the Book Haus$d2012 215 $a1 online resource (203 paages) 225 1 $aArmchair Traveller 300 $aDescription based upon print version of record. 311 0 $a9781904950974 311 0 $a1904950973 311 0 $a9781907973345 311 0 $a1907973346 327 $aCONTENTS; Talking to myself; Out East (Kato Zakros to Kritsa); Upcountry Village: Kritsa Interlude; The Plains of Plenty (Kritsa to Asites); Across the Roof of Crete (Asites to Thronos); Lotus Land: Amari Interlude; To Sfakia: A Rock and a Hard Place (Thronos to Chora Sfakion); The Gorges of the West (Chora Sfakion to Paleochora); Of Earth and Dreams (Paleochora to Hrissoskalitissas); Author's Note; Acknowledgements 330 $aA travelogue of a 300-mile walk across Crete, tackling mountain ranges, high slopes and the numerous gorges of the West. 410 0$aArmchair Traveller 606 $aWalking$zGreece$zCrete 607 $aCrete (Greece)$xDescription and travel 615 0$aWalking 676 $a914.9590476 700 $aSomerville$b Christopher$0705550 801 0$bMiAaPQ 801 1$bMiAaPQ 801 2$bMiAaPQ 906 $aBOOK 912 $a9910961367103321 996 $aThe golden step$94367784 997 $aUNINA